[Event "Rheinland Pfalz Seniors op"]
[Site "Altenkirchen"]
[Date "2023.09.09"]
[Round "5"]
[White "Kaster, Juergen"]
[Black "Ripoll, Luis"]
[Result "1-0"]
[WhiteElo "2049"]
[BlackElo "1852"]
[PlyCount "73"]
[EventDate "2023.09.05"]
[EventType "swiss"]
[EventRounds "9"]
[EventCountry "GER"]
[SourceTitle "EXT 2024"]
[Source "ChessBase"]
[SourceDate "2023.10.10"]
[SourceVersion "1"]
[SourceVersionDate "2023.10.10"]
[SourceQuality "1"]

1. f4 Nf6 2. Nf3 c5 3. b3 Nc6 4. e3 d6 5. Bb5 Bd7 6. Bb2 e6 7. 0-0 Be7 8. Bxc6 Bxc6 9. Qe1 0-0 10. d3 Bxf3 11. Rxf3 g6 12. Nd2 Nd5 13. e4 Nb4 14. Qd1 Bf6 15. e5 dxe5 16. fxe5 Be7 17. Ne4 Nc6 18. Qd2 Nd4 19. Nf6+ Bxf6 20. exf6 Kh8 21. Raf1 Nxf3+ 22. Rxf3 Rg8 23. Qg5 Qd5 24. Be5 Qxf3 25. gxf3 b6 26. Kf2 Rad8 27. Ke3 Rd5 28. c4 Rd7 29. Qh6 g5 30. h3 Rdd8 31. a4 Rg6 32. Qh5 a5 33. Bc7 Rd7 34. Bxb6 Rxf6 35. Bxc5 Rf5 36. Qh6 Rd8 37. Bf8 1-0

[Event "Rheinland Pfalz Seniors op"]
[Site "Altenkirchen"]
[Date "2023.09.08"]
[Round "4"]
[White "Ripoll, Luis"]
[Black "Petri, Wolfgang"]
[Result "1-0"]
[WhiteElo "1852"]
[BlackElo "1979"]
[PlyCount "85"]
[EventDate "2023.09.05"]
[EventType "swiss"]
[EventRounds "9"]
[EventCountry "GER"]
[SourceTitle "EXT 2024"]
[Source "ChessBase"]
[SourceDate "2023.10.10"]
[SourceVersion "1"]
[SourceVersionDate "2023.10.10"]
[SourceQuality "1"]

1. Nf3 g6 2. d4 Bg7 3. e3 c5 4. c3 cxd4 5. exd4 Nf6 6. Nbd2 0-0 7. Be2 d5 8. 0-0 Nc6 9. h3 Re8 10. Bb5 Bd7 11. Re1 Nh5 12. Nb3 Qc7 13. Bxc6 Bxc6 14. Ne5 Rad8 15. Nxc6 Qxc6 16. g4 Nf6 17. Bf4 Nd7 18. Nd2 f6 19. Qb3 e5 20. dxe5 fxe5 21. Bg5 Rc8 22. Be3 Kh8 23. Rac1 d4 24. Bg5 Nc5 25. Qc4 Ne6 26. Qxc6 Rxc6 27. Ne4 dxc3 28. bxc3 h5 29. Be3 b6 30. Rcd1 Re7 31. gxh5 gxh5 32. Ng3 Rxc3 33. Nxh5 Rcc7 34. Ng3 Rf7 35. Rd6 Nf4 36. Bxf4 exf4 37. Rd8+ Bf8 38. Ne4 Rcd7 39. Re8 Rd5 40. Kh2 Kh7 41. Rg1 Rff5 42. f3 Rde5 43. Nf6+ 1-0

[Event "Rheinland Pfalz Seniors op"]
[Site "Altenkirchen"]
[Date "2023.09.07"]
[Round "3"]
[White "Ripoll, Luis"]
[Black "Lohaus, Herbert"]
[Result "1/2-1/2"]
[WhiteElo "1852"]
[BlackElo "1680"]
[PlyCount "21"]
[EventDate "2023.09.05"]
[EventType "swiss"]
[EventRounds "9"]
[EventCountry "GER"]
[SourceTitle "EXT 2024"]
[Source "ChessBase"]
[SourceDate "2023.10.10"]
[SourceVersion "1"]
[SourceVersionDate "2023.10.10"]
[SourceQuality "1"]

1. e4 d5 2. exd5 Qxd5 3. Nc3 Qa5 4. d4 c6 5. Nf3 Bg4 6. Be2 Nf6 7. 0-0 e6 8. h3 Bxf3 9. Bxf3 Nbd7 10. Ne4 Be7 11. Nxf6+ 1/2-1/2

[Event "Schleswig Holstein-ch Seniors op 10th"]
[Site "Buesum"]
[Date "2016.09.29"]
[Round "4"]
[White "Reinke, Kurt"]
[Black "Ripoll, Luis"]
[Result "0-1"]
[WhiteElo "1789"]
[BlackElo "1906"]
[PlyCount "54"]
[EventDate "2016.09.26"]
[EventType "swiss"]
[EventRounds "9"]
[EventCountry "GER"]
[SourceTitle "EXT 2019"]
[Source "ChessBase"]
[SourceDate "2018.10.10"]
[SourceVersion "1"]
[SourceVersionDate "2018.10.10"]
[SourceQuality "1"]

1. e4 d6 2. f4 Nf6 3. Nc3 e5 4. Nf3 Bg4 5. Bc4 Be7 6. 0-0 0-0 7. d3 Nc6 8. Ne2 a6 9. a3 h6 10. f5 d5 11. exd5 Nxd5 12. Ng3 Nd4 13. c3 Nxf3+ 14. gxf3 Bh3 15. Re1 Bc5+ 16. d4 exd4 17. cxd4 Bb6 18. Re5 c6 19. Bxd5 cxd5 20. f4 Re8 21. Kh1 Qh4 22. Qe2 Rxe5 23. dxe5 Bg4 24. Qf1 Rc8 25. Bd2 Rc2 26. Rd1 Be3 27. h3 Bxd2 0-1

[Event "Hessen-ch Seniors op 12th"]
[Site "Bad Sooden-Allendorf"]
[Date "2016.05.04"]
[Round "5"]
[White "Bomert, Egon"]
[Black "Ripoll, Luis"]
[Result "1/2-1/2"]
[WhiteElo "2089"]
[BlackElo "1891"]
[PlyCount "36"]
[EventDate "2016.04.30"]
[EventType "swiss"]
[EventRounds "9"]
[EventCountry "GER"]
[SourceTitle "EXT 2019"]
[Source "ChessBase"]
[SourceDate "2018.10.10"]
[SourceVersion "1"]
[SourceVersionDate "2018.10.10"]
[SourceQuality "1"]

1. e4 d6 2. d4 Nf6 3. Nd2 g6 4. c3 Bg7 5. g3 0-0 6. Bg2 c6 7. Ngf3 Nbd7 8. 0-0 e5 9. Re1 Qc7 10. b3 Re8 11. Ba3 Bf8 12. Rc1 Qb8 13. dxe5 Nxe5 14. Nxe5 dxe5 15. Bxf8 Kxf8 16. Qf3 Kg7 17. h3 Be6 18. Nf1 Qc7 1/2-1/2

[Event "Hessen-ch Seniors op 12th"]
[Site "Bad Sooden-Allendorf"]
[Date "2016.04.30"]
[Round "1"]
[White "Szenetra, Werner"]
[Black "Ripoll, Luis"]
[Result "1-0"]
[WhiteElo "2195"]
[BlackElo "1891"]
[PlyCount "77"]
[EventDate "2016.04.30"]
[EventType "swiss"]
[EventRounds "9"]
[EventCountry "GER"]
[SourceTitle "EXT 2019"]
[Source "ChessBase"]
[SourceDate "2018.10.10"]
[SourceVersion "1"]
[SourceVersionDate "2018.10.10"]
[SourceQuality "1"]

1. Nf3 Nf6 2. d3 d6 3. g3 g6 4. Bg2 Bg7 5. 0-0 0-0 6. e4 Nc6 7. a4 a5 8. Re1 Bg4 9. h3 Bxf3 10. Bxf3 e5 11. Bg2 h6 12. c3 Nd7 13. Be3 Kh7 14. Qb3 Rb8 15. Na3 b6 16. Nb5 Nc5 17. Qc4 Ne7 18. d4 Ne6 19. dxe5 Bxe5 20. f4 Bg7 21. Rad1 Qc8 22. b4 axb4 23. cxb4 Ra8 24. f5 Nd8 25. Qxc7 Qxc7 26. Nxc7 Rxa4 27. Rxd6 Be5 28. Bf4 Bxf4 29. gxf4 Rxb4 30. Red1 Nb7 31. Rd7 Nxf5 32. exf5 Nc5 33. Re7 gxf5 34. Ne8 Rb2 35. Rde1 Nd3 36. R1e3 Nc5 37. Rg3 Ne6 38. Nf6+ Kh8 39. Rxf7 1-0

[Event "Hessen-ch Seniors op 10th"]
[Site "Bad Sooden-Allendorf"]
[Date "2014.05.04"]
[Round "9"]
[White "Hampe, Werner"]
[Black "Ripoll, Luis"]
[Result "1/2-1/2"]
[WhiteElo "1780"]
[BlackElo "1942"]
[PlyCount "41"]
[EventDate "2014.04.26"]
[EventType "swiss"]
[EventRounds "9"]
[EventCountry "GER"]
[SourceTitle "EXT 2018"]
[Source "ChessBase"]
[SourceDate "2017.10.13"]
[SourceVersion "1"]
[SourceVersionDate "2017.10.13"]
[SourceQuality "1"]

1. c4 c5 2. g3 Nc6 3. Bg2 g6 4. Nc3 Bg7 5. e4 d6 6. Nge2 Nf6 7. 0-0 0-0 8. h3 Bd7 9. d3 h6 10. f4 Nd4 11. Nxd4 cxd4 12. Ne2 e5 13. f5 gxf5 14. exf5 Bc6 15. g4 Nh7 16. Ng3 Qh4 17. Qe1 Ng5 18. Bxg5 Qxg5 19. Ne4 Bxe4 20. Bxe4 Bf6 21. Kh1 1/2-1/2

[Event "Hessen-ch Seniors op 10th"]
[Site "Bad Sooden-Allendorf"]
[Date "2014.04.29"]
[Round "4"]
[White "Ripoll, Luis"]
[Black "Tomas, Johann"]
[Result "1-0"]
[WhiteElo "1942"]
[BlackElo "1855"]
[PlyCount "48"]
[EventDate "2014.04.26"]
[EventType "swiss"]
[EventRounds "9"]
[EventCountry "GER"]
[SourceTitle "EXT 2018"]
[Source "ChessBase"]
[SourceDate "2017.10.13"]
[SourceVersion "1"]
[SourceVersionDate "2017.10.13"]
[SourceQuality "1"]

1. e4 c5 2. Nf3 Nc6 3. d4 cxd4 4. Nxd4 Nxd4 5. Qxd4 a6 6. a4 Qc7 7. Nc3 e5 8. Qc4 Qxc4 9. Bxc4 Ne7 10. Nd5 Nxd5 11. Bxd5 Be7 12. Be3 0-0 13. 0-0 Kh8 14. f4 exf4 15. Bxf4 f6 16. Be3 d6 17. h3 Bd8 18. a5 Bc7 19. Bb6 Bxb6+ 20. axb6 Rb8 21. Ra3 Bd7 22. Rc3 Rfc8 23. Rxc8+ Bxc8 24. Rf3 Bd7 1-0

[Event "Hessen-ch Seniors op 09th"]
[Site "Bad Sooden-Allendorf"]
[Date "2013.04.20"]
[Round "1"]
[White "Ripoll, Luis"]
[Black "Kluge, Hans Christof"]
[Result "1/2-1/2"]
[WhiteElo "1927"]
[BlackElo "1678"]
[PlyCount "58"]
[EventDate "2013.04.20"]
[EventType "swiss"]
[EventRounds "9"]
[EventCountry "GER"]
[SourceTitle "EXT 2019"]
[Source "ChessBase"]
[SourceDate "2018.10.10"]
[SourceVersion "1"]
[SourceVersionDate "2018.10.10"]
[SourceQuality "1"]

1. e4 d6 2. Bc4 Nf6 3. d3 g6 4. Nf3 Bg7 5. 0-0 e5 6. h3 0-0 7. Nc3 Nc6 8. a3 a6 9. Bg5 h6 10. Bxf6 Bxf6 11. Nd5 Bg7 12. Ne3 Ne7 13. c3 c6 14. d4 exd4 15. cxd4 d5 16. exd5 cxd5 17. Ba2 Be6 18. Qd2 Qd6 19. Rac1 Rac8 20. Rxc8 Rxc8 21. Rc1 Rxc1+ 22. Qxc1 b6 23. Qd2 g5 24. Bb1 f5 25. Nf1 f4 26. N1h2 a5 27. Ng4 Bxg4 28. hxg4 Qe6 29. Qc2 Qc6 1/2-1/2

[Event "Niedersachsen-ch Seniors 34th"]
[Site "Wingst"]
[Date "2000.04.??"]
[Round "3"]
[White "Gudat, Alfons"]
[Black "Ripoll, Luis"]
[Result "1-0"]
[WhiteElo "2078"]
[BlackElo "1737"]
[PlyCount "55"]
[EventDate "2000.04.??"]
[EventType "swiss"]
[EventRounds "9"]
[EventCountry "GER"]
[SourceTitle "EXT 2006"]
[Source "ChessBase"]
[SourceDate "2005.11.24"]
[SourceVersion "1"]
[SourceVersionDate "2005.11.24"]
[SourceQuality "1"]

1. e4 c5 2. Nf3 d6 3. Bb5+ Bd7 4. a4 Nc6 5. 0-0 Nf6 6. Re1 e5 7. c3 Be7 8. d4 Qc7 9. d5 Nb8 10. Nbd2 0-0 11. Nf1 Bg4 12. h3 Bxf3 13. Qxf3 a6 14. Bc4 Nbd7 15. a5 Kh8 16. Ng3 g6 17. Bh6 Rg8 18. Bg5 Qd8 19. Bh6 Bf8 20. Bxf8 Qxf8 21. Nf1 Qh6 22. Ne3 Rad8 23. Bf1 Ne8 24. Qe2 f5 25. f3 fxe4 26. fxe4 Qf4 27. Nc4 Qf8 28. g3 1-0

[Event "Niedersachsen-ch Seniors 34th"]
[Site "Wingst"]
[Date "2000.04.??"]
[Round "1"]
[White "Ripoll, Luis"]
[Black "Helmsen, Franz"]
[Result "1/2-1/2"]
[WhiteElo "1737"]
[BlackElo "2092"]
[PlyCount "61"]
[EventDate "2000.04.??"]
[EventType "swiss"]
[EventRounds "9"]
[EventCountry "GER"]
[SourceTitle "EXT 2006"]
[Source "ChessBase"]
[SourceDate "2005.11.24"]
[SourceVersion "1"]
[SourceVersionDate "2005.11.24"]
[SourceQuality "1"]

1. a3 d5 2. b4 e5 3. e3 Nf6 4. Bb2 Bd6 5. c4 c6 6. cxd5 cxd5 7. Nc3 a6 8. Rc1 0-0 9. Na4 Nbd7 10. Nf3 Re8 11. Be2 Nf8 12. 0-0 Ng6 13. d4 e4 14. Nd2 Bb8 15. g3 Bd6 16. Nb3 Rb8 17. Nac5 Nf8 18. Re1 Ne6 19. Nxe6 Bxe6 20. Nc5 Bh3 21. Bf1 Bf5 22. Be2 Qe7 23. Qd2 Nd7 24. Nxd7 Bxd7 25. f4 f5 26. h4 Rf8 27. Kf2 Qe8 28. Rg1 Rd8 29. h5 Rf6 30. Rh1 Rh6 31. Qe1 1/2-1/2